| 000 | 00891pam a2200265 a 4500 | ||
|---|---|---|---|
| 999 |
_c6799 _d6799 |
||
| 001 | 2140457 | ||
| 003 | OSt | ||
| 005 | 20190119174311.0 | ||
| 008 | 980303s1998 mou b 000 0 eng | ||
| 010 | _a 98003459 | ||
| 020 | _a0899008054 (paperback) | ||
| 040 |
_aDLC _cDLC _dDLC |
||
| 050 | 0 | 0 |
_aBT453 _b.A48 1998 |
| 082 | 0 | 0 |
_a232.9 _221 _bA469C |
| 100 | 1 |
_aAltrock, Chris, _d1968- |
|
| 245 | 1 | 4 |
_aThe Cross : _bsaved by the shame of it all / _cChris Altrock. |
| 260 |
_aJoplin, Mo. : _bCollege Press Pub., _cc1998. |
||
| 300 |
_a198 p. ; _c23 cm. |
||
| 504 | _aIncludes bibliographical references. | ||
| 600 | 0 | 0 |
_aJesus Christ _xCrucifixion. |
| 650 | 0 |
_aChristian life _xChurches of Christ authors. |
|
| 906 |
_a7 _bcbc _corignew _d1 _eocip _f19 _gy-gencatlg |
||
| 942 |
_2ddc _cBK |
||